Normal view
MARC view
Entry Personal Name
001 - CONTROL NUMBER
- control field: 80924
003 - CONTROL NUMBER IDENTIFIER
- control field: OSt
005 - DATE AND TIME OF LATEST TRANSACTION
- control field: 20210303130050.0
008 - FIXED-LENGTH DATA ELEMENTS
- fixed length control field: 210303|| aca||aabn | a|a d
040 ## - CATALOGING SOURCE
- Original cataloging agency: OSt
- Transcribing agency: OSt
100 ## - HEADING--PERSONAL NAME
- Personal name: शर्मा, डॉ .जयभगवान
670 ## - SOURCE DATA FOUND
- Source citation: Work cat.: (OSt): शर्मा, डॉ .जयभगवान , हमारे परमवीर चक्र विजेता , 2017









